| 000 | 01645nam a22004217a 4500 | ||
|---|---|---|---|
| 001 | 000106089 | ||
| 003 | CHAP | ||
| 005 | 20220329143832.0 | ||
| 008 | 111118s2011 mx r 00010 spa d | ||
| 010 | _a102551 | ||
| 011 | _a103523 | ||
| 035 | _a114212 | ||
| 040 | _cCHAP | ||
| 090 | _aTesis | ||
| 100 | 1 |
_aMata Bojórquez, Ismael. _972856 |
|
| 245 | 1 | 4 |
_aLos sistemas de producción orgánico y convencional y el comportamiento de las concentraciones de materia orgánica en el suelo _h[En línea] _c/por Ismael Mata Bojórques. |
| 260 |
_aChapingo, Méx. : _bEl autor, _c2011. |
||
| 500 | _aPara ver el contenido del material haga clic en la liga | ||
| 502 | _aTesis (Ing. Agr. Esp. en suelos) -- UACH. Departamento de Suelos | ||
| 590 |
_aALEPH _b10 _c20130110 _lUCH01 _h1543 |
||
| 590 |
_aBATCH-UPD _b10 _c20130110 _lUCH01 _h1304 |
||
| 590 |
_aBATCH-UPD _b10 _c20130410 _lUCH01 _h0821 |
||
| 590 |
_aBATCH-UPD _b10 _c20130914 _lUCH01 _h0232 |
||
| 590 |
_aBATCH-UPD _b10 _c20140324 _lUCH01 _h1528 |
||
| 590 |
_aBATCH-UPD _b10 _c20141002 _lUCH01 _h0852 |
||
| 590 |
_aCONVERSION _b10 _c20130109 _lUCH01 _h1356 |
||
| 590 |
_aE11695DGD _b10 _c20141006 _lUCH01 _h1134 |
||
| 650 | 1 | 4 |
_aAlimentos orgánicos. _94316 |
| 650 | 1 | 4 |
_aSistemas de producción. _9106767 |
| 650 | 1 | 4 |
_aSuelos _xMateria orgánica. _9110429 |
| 650 | 1 | 4 |
_aSuelos _zMéxico (Edo.). _9110525 |
| 856 |
_3Finding aid _uhttp://10.13.5.2/tesis/114212.pdf _zTeclea aqui |
||
| 901 | _aBK | ||
| 942 | _cFOLL | ||
| 942 | _n0 | ||
| 949 |
_aTesis _bBC _cTES _d33724002313223 _eTS1 _gDonaciØn _h53039 _i114212 _st |
||
| 949 |
_aTesis _bBC _cTES _d33724002313264 _eTS2 _fc.2 _gDonaciØn _h53040 _i114212 _st |
||
| 999 |
_c102551 _d102551 |
||